000 01258nam a2200349 i 4500
001 13247
003 KOSZ 005
005 20200401120623.0
008 070620s1969 pl a f f 000 0 pol
015 _aPB 1969/7568
040 _aWA N
_cWA N
_dKOSZ 005/RW
080 _a658.5:62
100 1 _aStolarek, Władysław.
_eAutor
245 1 0 _aOrganizacja cyklu produkcyjnego wyrobu /
_cWładysław Stolarek.
250 _aWydanie 2 poprawione i uzupełnione.
260 _aWarszawa :
_bWydawnictwa Naukowo-Techniczne,
_c1969.
300 _a132, [4] strony, [1] karta tablic :
_bilustracje ;
_c23 cm.
336 _aTekst
_btxt
_2rdacontent
337 _aBez urządzenia posredniczącego
_bn
_2rdamedia
338 _aWolumin
_bnc
_2rdacarrier
380 _aKsiążki.
490 1 _aBiblioteka Organizatora Produkcji.
504 _aBibliografia na stronie [134].
658 _aInżynieria i technika
650 4 _aOrganizacja
650 4 _aProdukcja
650 4 _aPrzemysł
710 2 _aWydawnictwa Naukowo-Techniczne
_4pbl.
856 _uhttp://koha.tu.koszalin.pl/cgi-bin/koha/opac-detail.pl?biblionumber=13247
_yKatalog online BPK
830 0 _aBiblioteka Organizatora Produkcji
942 _2UKD
_cKS
999 _c13247
_d13247